Commonhold (Record no. 103371)

MARC details
000 -LEADER
fixed length control field 01220cam a2200265 4500
008 - FIXED-LENGTH DATA ELEMENTS--GENERAL INFORMATION
fixed length control field 040308n2004 000 0 eng u
020 ## - INTERNATIONAL STANDARD BOOK NUMBER
International Standard Book Number 0199272247
035 ## - SYSTEM CONTROL NUMBER
System control number (Sirsi) u125352
041 ## - LANGUAGE CODE
Language code of text/sound track or separate title eng
050 ## - LIBRARY OF CONGRESS CALL NUMBER
Classification number 346.41042
-- 21
100 ## - MAIN ENTRY--PERSONAL NAME
Personal name Fetherstonhaugh, Guy
245 ## - TITLE STATEMENT
Title Commonhold
260 ## - PUBLICATION, DISTRIBUTION, ETC.
Place of publication, distribution, etc. Oxford
Name of publisher, distributor, etc. Oxford University Press
Date of publication, distribution, etc. 2004
300 ## - PHYSICAL DESCRIPTION
Extent l, 714p.
Dimensions 23cm.
350 ## - PRICE (NR) (BK AM CF MU VM SE) [OBSOLETE]
Price 49.95
520 ## - SUMMARY, ETC.
Summary, etc. Aimed at surveyors, lawyers and accountants, this comprehensive guide provides a detailed description of the new commonhold system along with practical guidance on its implementation and administration. Contents include: introduction to commonhold; creating a commonhold; transactions within commonhold; running a commonhold; terminating a commonhold; dispute resolution; frequently asked questions; and a best practice guide. Also provides a digest of cases, forms and precedents and relevant statutory material.
650 ## - SUBJECT ADDED ENTRY--TOPICAL TERM
Topical term or geographic name entry element COMMONHOLD AND LEASEHOLD REFORM ACT 2002
650 ## - SUBJECT ADDED ENTRY--TOPICAL TERM
Topical term or geographic name entry element COMMONHOLD
650 ## - SUBJECT ADDED ENTRY--TOPICAL TERM
Topical term or geographic name entry element DISPUTE RESOLUTION
9 (RLIN) 6236
650 ## - SUBJECT ADDED ENTRY--TOPICAL TERM
Topical term or geographic name entry element RESIDENTIAL PROPERTY
9 (RLIN) 6266
690 ## - LOCAL SUBJECT ADDED ENTRY--TOPICAL TERM (OCLC, RLIN)
Topical term or geographic name as entry element LANDLORD AND TENANT-LEASEHOLD REFORM
700 ## - ADDED ENTRY--PERSONAL NAME
Personal name Sefton, Mark
700 ## - ADDED ENTRY--PERSONAL NAME
Personal name Peters, Edward
942 ## - ADDED ENTRY ELEMENTS (KOHA)
Suppress in OPAC 0
Holdings
Withdrawn status Lost status Source of classification or shelving scheme Damaged status Not for loan Home library Current library Shelving location Date acquired Cost, normal purchase price Total Checkouts Full call number Barcode Date last seen Date last checked out Copy number Cost, replacement price Price effective from Koha item type
    Other/Generic Classification Scheme     London London Books 22/03/2004 28.00 6 346.41042 FET 30068812 06/08/2019 08/11/2005 1 28.00 06/08/2019 Book